000 00515nam a2200157 a 4500
001 000029786
005 20200930055814.0
008 110425s1980 dr 000 0 spa d
040 _aDO-SdBNP
_bspa
_cBNPHU
082 _axxx
_bR426A
110 1 _aRepública Dominicana
_bSecretaría de Estado de Finanzas
_932264
245 1 0 _aAnteproyecto de ley del impuesto a la propiedad inmobiliaria urbana.
260 _aSanto Domingo :
_bSecretaría de Estado de Finanzas,
_c1980.
300 _a9 p. ;
_c28 cm.
049 _aBNPD
999 _c29278
_d29278